Nadvi, Abul Hashim (Record no. 8075)
[ view plain ]
| 000 -LEADER | |
|---|---|
| fixed length control field | 00226nam a2200109Ia 4500 |
| 082 ## - DEWEY DECIMAL CLASSIFICATION NUMBER | |
| Classification number | 954.024 |
| 100 ## - MAIN ENTRY--AUTHOR NAME | |
| Personal name | Rasheed Akhtar |
| 245 #0 - TITLE STATEMENT | |
| Title | Nadvi, Abul Hashim |
| 260 ## - PUBLICATION, DISTRIBUTION, ETC. (IMPRINT) | |
| Place of publication | Lahore |
| Name of publisher | Sang-e-Meel |
| Year of publication | 2002 |
| 300 ## - PHYSICAL DESCRIPTION | |
| Number of Pages | 560 |
| 942 ## - ADDED ENTRY ELEMENTS (KOHA) | |
| Koha item type | Books |
| Withdrawn status | Lost status | Collection code | Permanent Location | Current Location | Shelving location | Date acquired | Full call number | Accession Number | Koha item type |
|---|---|---|---|---|---|---|---|---|---|
| | | Urdu Literature | MAJU | MAJU | | 2019-09-13 | 813.2 | 2494 | Urdu Literature |